Multifunkčná športová hala

Saved in:
Bibliographic Details
Main Author: Ďurejová, Jana (Author)
Other Authors: Slivanský, Miloš (Thesis advisor)
Format: Manuscript Book
Language:Slovak
Published: 2015
Subjects:
Online Access:http://is.stuba.sk/zp/portal_zp.pl?podrobnosti=111406
https://opac.crzp.sk/?fn=detailBiblioForm&sid=78283B71680DBAF2154AD71D22D4
Tags: Add Tag
No Tags, Be the first to tag this record!

MARC

LEADER 00000ntm a22000003a 4500
001 stuzp51481
003 SK-STU
005 20231114133513.0
007 ta
008 150427s2015----xo-----f-mn---000-0-slo-d
040 |a STU  |b slo 
041 0 |a slo 
100 1 |a Ďurejová, Jana  |u 010190  |4 aut  |U SvF Stavebná fakulta  |T SvF Katedra kovových a drevených konštrukcií  |X 68380  |U V190  |Y 21  |7 A000068380 
242 0 1 |a Multi-purpose sports hall  |y eng 
245 1 0 |a Multifunkčná športová hala 
260 |c 2015 
650 4 |a nosný systém  |2 slo 
650 4 |a športová hala  |2 slo 
650 4 |a tribúna  |2 slo 
650 4 |a structure  |2 eng 
650 4 |a sports hall  |2 eng 
650 4 |a stands  |2 eng 
700 1 |a Slivanský, Miloš  |4 ths  |X 3702  |7 A000003702 
856 4 |u http://is.stuba.sk/zp/portal_zp.pl?podrobnosti=111406 
856 4 |u https://opac.crzp.sk/?fn=detailBiblioForm&sid=78283B71680DBAF2154AD71D22D4 
SQL |a stuzp51481  |b DDP  |c SLO  |d Multifunkčná športová hala  |e 68380  |f Ďurejová, Jana  |g 010190  |h 3702  |i Slivanský, Miloš  |j 20150616  |k 945  |l 01  |m http://is.stuba.sk/zp/portal_zp.pl?podrobnosti=111406  |n I-NKS  |o 5.1.5. inžinierske konštrukcie a dopravné stavby